| 000 | 00397nam a2200145Ia 4500 | ||
|---|---|---|---|
| 008 | 210210b1993 xxu||||| |||| 00| 0 eng d | ||
| 020 | _a81 85475 73 3 | ||
| 082 | _a070.1 PANM | ||
| 100 | _aPANIGRAHY (Dibakar) and BISWASROY (P K), Eds. | ||
| 245 | _aMedia management in India | ||
| 260 |
_aDelhi _bKanishka Publishing House _c1993 |
||
| 300 | _axii,164 | ||
| 690 | _aJournalism | ||
| 906 | _a047974 | ||
| 999 |
_c97112 _d97112 |
||